| 000 | 00571nam a2200157Ia 4500 | ||
|---|---|---|---|
| 008 | 160316s2005 xxu||||| |||| 00| 0 eng d | ||
| 082 |
_a362.704400 _bSLU |
||
| 100 | _aSlugget Cath | ||
| 245 | _aMapping of psychosocial support for girls and boys affected by child sexual abuse in four countries in South and Central Asia Afghanistan, Bangladesh, Nepal and Pakistan | ||
| 250 | _a | ||
| 260 |
_aSweden _bSave the Children _c2005 |
||
| 300 |
_a73 _b _c |
||
| 365 | _b | ||
| 650 | _a1. child sexual abuse 2. psychosocial support - girls - boys | ||
| 700 |
_aFrederick John _a |
||
| 999 |
_c35016 _d35016 |
||